Responsabilidad del profesional en ciencias económicas (Registro nro. 6102)
[ vista simple ]
| 000 -LEADER | |
|---|---|
| fixed length control field | 02982 a2200433 4500 |
| 001 - CONTROL NUMBER | |
| control field | 57014 |
| 005 - DATE AND TIME OF LATEST TRANSACTION | |
| control field | 20260407155833.0 |
| 008 - FIXED-LENGTH DATA ELEMENTS--GENERAL INFORMATION | |
| fixed length control field | 260407a2021 arg spa d |
| 003 - CONTROL NUMBER IDENTIFIER | |
| control field | AR-UNSa-BCEJYS |
| 040 ## - CATALOGING SOURCE | |
| Original cataloging agency | AR-UNSa-BCEJYS |
| Language of cataloging | spa |
| Transcribing agency | AR-UNSa-BCEJYS |
| 080 ## - UNIVERSAL DECIMAL CLASSIFICATION NUMBER | |
| Universal Decimal Classification number | 347.56 |
| Common auxiliary subdivision | Responsabilidad profesional |
| 020 ## - INTERNATIONAL STANDARD BOOK NUMBER | |
| International Standard Book Number | 978-987-03-4155-0 |
| 041 ## - LANGUAGE CODE | |
| Language code of text/sound track or separate title | spa |
| 100 1# - MAIN ENTRY--PERSONAL NAME | |
| Personal name | Bertazza, Humberto J. |
| 245 10 - TITLE STATEMENT | |
| Title | Responsabilidad del profesional en ciencias económicas |
| 264 #1 - PRODUCTION, PUBLICATION, DISTRIBUTION, MANUFACTURE, AND COPYRIGHT NOTICE | |
| Place of production, publication, distribution, manufacture | Buenos Aires : |
| Name of producer, publisher, distributor, manufacturer | La Ley |
| Date of production, publication, distribution, manufacture, or copyright notice | 2021 |
| 300 ## - PHYSICAL DESCRIPTION | |
| Extent | xxxiii, 594 p. |
| Dimensions | 24 cm. |
| 505 ## - FORMATTED CONTENTS NOTE | |
| Formatted contents note | 1. La responsabilidad ética del profesional en Ciencias Económicas – 2. Responsabilidad social en relación con las Ciencias Económicas y la ética profesional – 3. La incumbencia del contador público con relación a la preparación de estados contables en la República Argentina – 4. Responsabilidad del contador público como auditor externo o sindico societario – 5. La responsabilidad del asesor fiscal – 6. La responsabilidad del contador en el sector público – 7. Responsabilidad del síndico en los concursos preventivos y las quiebras – 8. La responsabilidad del profesional de Ciencias Económicas en las tareas de tercerización – 9. La responsabilidad administrativa del profesional en Ciencias Económicas en el cumplimiento de las regulaciones en materia de prevención del lavado de activos y del financiamiento del terrorismo – 10. Responsabilidad civil del profesional contador – 11. Régimen penal tributario: responsabilidad de los profesionales en ciencias económicas – 12. Análisis de la autoría y participación en la hipótesis de responsabilidad penal de los contadores – 13. Responsabilidad de los profesionales en ciencias económicas en relación con los delitos de fraude, cohecho, abuso de autoridad e incumplimiento de los deberes de funcionario público – 14. Posverdades típicas y responsabilidad penal. Documentos e informes contables apócrifos y reticentes. Art. 300, inc. 2°, del código penal – 15. La denuncia obligatoria para escribanos y contadores en el nuevo código procesal penal federal – 16. El contador frente al delito de lavado de dinero |
| 590 ## - LOCAL NOTE (RLIN) | |
| Local note | niveau_biblio:m niveau_hierar:0 |
| 700 1# - ADDED ENTRY--PERSONAL NAME | |
| Personal name | Bobbio, Gustavo H. |
| 700 1# - ADDED ENTRY--PERSONAL NAME | |
| Personal name | Casanovas, Marcelo A. |
| 700 1# - ADDED ENTRY--PERSONAL NAME | |
| Personal name | Casinelli, Hernán Pablo |
| 700 1# - ADDED ENTRY--PERSONAL NAME | |
| Personal name | Curá, José María |
| 700 1# - ADDED ENTRY--PERSONAL NAME | |
| Personal name | D´Albora, Francisco J. (h) |
| 700 1# - ADDED ENTRY--PERSONAL NAME | |
| Personal name | Duro, César S. |
| 700 1# - ADDED ENTRY--PERSONAL NAME | |
| Personal name | Escandell, José |
| 700 1# - ADDED ENTRY--PERSONAL NAME | |
| Personal name | Frick, Pablo D. |
| 700 1# - ADDED ENTRY--PERSONAL NAME | |
| Personal name | Jaime, Rodrigo E. |
| 700 1# - ADDED ENTRY--PERSONAL NAME | |
| Personal name | Marconi, Ana Clara |
| 700 1# - ADDED ENTRY--PERSONAL NAME | |
| Personal name | Mastandrea, Alberto F. |
| 700 1# - ADDED ENTRY--PERSONAL NAME | |
| Personal name | Nercellas, Marta |
| 700 1# - ADDED ENTRY--PERSONAL NAME | |
| Personal name | Robiglio, Carolina L. |
| 700 1# - ADDED ENTRY--PERSONAL NAME | |
| Personal name | Santesteban Hunter, Jorge H. |
| 700 1# - ADDED ENTRY--PERSONAL NAME | |
| Personal name | Semachowicz, Esteban D. |
| 700 1# - ADDED ENTRY--PERSONAL NAME | |
| Personal name | Serpa, José Luis |
| 700 1# - ADDED ENTRY--PERSONAL NAME | |
| Personal name | Trídico, Sofía del Valle |
| 856 41 - ELECTRONIC LOCATION AND ACCESS | |
| Uniform Resource Identifier | <a href="https://biblioeco.unsa.edu.ar/pmb/images/libros/L128661.jpg">https://biblioeco.unsa.edu.ar/pmb/images/libros/L128661.jpg</a> |
| Link text | Imagen de portada |
| Electronic format type | image/jpeg |
| 942 ## - ADDED ENTRY ELEMENTS (KOHA) | |
| Koha item type | |
| Withdrawn status | Lost status | Damaged status | Not for loan | Home library | Current library | Shelving location | Date acquired | Total checkouts | Full call number | Barcode | Date last seen | Price effective from | Koha item type |
|---|---|---|---|---|---|---|---|---|---|---|---|---|---|
| Biblioteca Prof. Eusebio Cleto del Rey | Biblioteca Prof. Eusebio Cleto del Rey | 07/04/2026 | 347.56 B536 | L128661 | 07/04/2026 | 07/04/2026 | Libro | ||||||
| Biblioteca Prof. Eusebio Cleto del Rey | Biblioteca Prof. Eusebio Cleto del Rey | 07/04/2026 | 347.56 B536 | L128662 | 07/04/2026 | 07/04/2026 | Libro | ||||||
| Biblioteca Prof. Eusebio Cleto del Rey | Biblioteca Prof. Eusebio Cleto del Rey | 07/04/2026 | 347.56 B536 | L128663 | 07/04/2026 | 07/04/2026 | Libro | ||||||
| Biblioteca Prof. Eusebio Cleto del Rey | Biblioteca Prof. Eusebio Cleto del Rey | 07/04/2026 | P347.56 B536 | L128767 | 07/04/2026 | 07/04/2026 | Libro |